000
00274nam a22001097a 4500
008
170117b xxu||||| |||| 00| 0 eng d
020
_a
9780801654930
041
_a
eng
080
_2
2ND
_a
618.2
245
_a
CLINICAL NURSING SKILLS AND TECHNIQUES
_c
PERRY, A.G
942
_2
udc
_c
BK
999
_c
2995
_d
2995